000 00331nam a22001337a 4500
008 171012b xxu||||| |||| 00| 0 eng d
020 _a0102145178
041 _aeng
080 _a316
100 _a50
101 _aSOC
245 _aESSENTIALS OF SOCIOLOGY A DOWN TO EARTH APPROACH
_cHENSLIN.J.M
942 _2udc
_cBK
999 _c33412
_d33412